El niño con dificultades para aprender (Record no. 4339)

MARC details
000 -LEADER
campo de control de longitud fija 01525nmm a2200433 a 4500
003 - IDENTIFICADOR DE NÚMERO DE CONTROL
campo de control AR-BaBNM
005 - FECHA Y HORA DE LA ÚLTIMA TRANSACCIÓN
campo de control 20251128203643.0
008 - DATOS DE LONGITUD FIJA--INFORMACIÓN GENERAL
campo de control de longitud fija 011101s1980 ||||||||||||||000 | spa||
040 ## - FUENTE DE CATALOGACIÓN
Centro/agencia transcriptor AR-BaBNM
245 10 - MENCIÓN DEL TÍTULO
Título El niño con dificultades para aprender
Resto del título symposium el niño con trastornos de aprendizaje
260 ## - PUBLICACIÓN, DISTRIBUCIÓN, ETC.
Lugar de publicación, distribución, etc. Santiago de Chile
Nombre del editor, distribuidor, etc. Galdoc
-- UNICEF
-- Universidad Católica de Chile
-- Alfabeta Impresores
Fecha de publicación, distribución, etc. 1980
300 0# - DESCRIPCIÓN FÍSICA
Extensión 370 p.
Otros detalles físicos diagr., tablas
500 0# - NOTA GENERAL
Nota general Contiene en apéndice: Análisis y conclusiones del Symposium
500 0# - NOTA GENERAL
Nota general Resumenes de trabajos presentados en las comisiones de estudios
500 0# - NOTA GENERAL
Nota general Lista de participantes que presentaron trabajos
504 ## - NOTA DE BIBLIOGRAFÍA, ETC.
Nota de bibliografía, etc. Nota Contiene bibliografía al final de cada capítulo
610 24 - PUNTO DE ACCESO ADICIONAL DE MATERIA--NOMBRE DE ENTIDAD CORPORATIVA
Nombre de entidad corporativa o nombre de jurisdicción como elemento de entrada Año Internacional del Niño
650 #4 - PUNTO DE ACCESO ADICIONAL DE MATERIA--TÉRMINO DE MATERIA
Término de materia o nombre geográfico como elemento de entrada TEORIAS DEL APRENDIZAJE
650 #4 - PUNTO DE ACCESO ADICIONAL DE MATERIA--TÉRMINO DE MATERIA
Término de materia o nombre geográfico como elemento de entrada DIFICULTADES EN EL APRENDIZAJE
650 #4 - PUNTO DE ACCESO ADICIONAL DE MATERIA--TÉRMINO DE MATERIA
Término de materia o nombre geográfico como elemento de entrada DIFICULTAD EN LA LECTURA
650 #4 - PUNTO DE ACCESO ADICIONAL DE MATERIA--TÉRMINO DE MATERIA
Término de materia o nombre geográfico como elemento de entrada DISLEXIA
650 #4 - PUNTO DE ACCESO ADICIONAL DE MATERIA--TÉRMINO DE MATERIA
Término de materia o nombre geográfico como elemento de entrada ENFERMEDADES DEL SISTEMA NERVIOSO
650 #4 - PUNTO DE ACCESO ADICIONAL DE MATERIA--TÉRMINO DE MATERIA
Término de materia o nombre geográfico como elemento de entrada TRASTORNOS DEL HABLA
650 #4 - PUNTO DE ACCESO ADICIONAL DE MATERIA--TÉRMINO DE MATERIA
Término de materia o nombre geográfico como elemento de entrada TRASTORNOS EMOCIONALES
650 #4 - PUNTO DE ACCESO ADICIONAL DE MATERIA--TÉRMINO DE MATERIA
Término de materia o nombre geográfico como elemento de entrada PROCESO DE APRENDIZAJE
653 #0 - TÉRMINO DE INDIZACIÓN--NO CONTROLADO
Término no controlado COMPRENSION LECTORA
700 1# - ENTRADA AGREGADA--NOMBRE PERSONAL
Nombre de persona Bravo Valdivieso, Luis
Término indicativo de función/relación coordinador
700 1# - ENTRADA AGREGADA--NOMBRE PERSONAL
Nombre de persona Siegel, Paul
700 1# - ENTRADA AGREGADA--NOMBRE PERSONAL
Nombre de persona Chadwick, Mariana
700 1# - ENTRADA AGREGADA--NOMBRE PERSONAL
Nombre de persona Vaccaro, Liliana
700 1# - ENTRADA AGREGADA--NOMBRE PERSONAL
Nombre de persona Schiefelbein, Ernesto
700 1# - ENTRADA AGREGADA--NOMBRE PERSONAL
Nombre de persona Cerda, Ana María
700 1# - ENTRADA AGREGADA--NOMBRE PERSONAL
Nombre de persona Goodman, Kenneth S.
700 1# - ENTRADA AGREGADA--NOMBRE PERSONAL
Nombre de persona Donoso, Archibaldo
700 1# - ENTRADA AGREGADA--NOMBRE PERSONAL
Nombre de persona Kernberg, Paulina
700 1# - ENTRADA AGREGADA--NOMBRE PERSONAL
Nombre de persona Jiménez, Gustavo A.
942 ## - ELEMENTOS DE ENTRADA SECUNDARIOS (KOHA)
Tipo de ítem Koha Libros
998 ## - INFORMACIÓN DE CONTROL LOCAL (RLIN)
Iniciales del catalogador, CIN (RLIN) silvi
Holdings
Estatus retirado Estado de pérdida Fuente de la clasificación o esquema de estantería Estado de daño Restricciones de uso No para préstamo Biblioteca de origen Biblioteca actual Fecha de adquisición Total de préstamos Signatura topográfica completa Código de barras Visto por última vez Precio de reemplazo Tipo de ítem Koha
    Clasificación Decimal Dewey   Acceso restringido No para préstamo Liberty Liberty 28/11/2025   37.015.5 BRA 065022 28/11/2025 28/11/2025 Libros